000
00250nam a2200109Ia 4500
005
20251222144827.0
008
251222s9999||||xx |||||||||||||| ||spa||
082
_a
338/C76
245
0
_a
RĂ©gimen Industrial del PerĂº
264
_b
CONACO
942
_c
LIB
999
_c
20717
_d
20717